Eagle song / Joseph Bruchac ; illustrated by Dan ... Read More
Available copies
- 1 of 1 copy available at LARL/NWRL Consortium.
- 1 of 1 copy available at Lake Agassiz Regional Library. (Show preferred library)
Current holds
0 current holds with 1 total copy.
Show Only Available Copies
| Location | Call Number / Copy Notes | Barcode | Shelving Location | Status | Due Date |
|---|---|---|---|---|---|
| Moorhead Public Library | J BRU (Text) | 33500012762027 | Main | Available | - |
Record details
- ISBN: 0141301694
- ISBN: 9780141301693
- ISBN: 0613177908
- ISBN: 9780613177900
- Physical Description: 80 pages : illustrations ; 20 cm
- Publisher: New York, NY : Puffin Books, 1999, ©1997.
Content descriptions
| General Note: | MN American Indian literature. "Puffin chapters"--Cover. |
| Summary, etc.: | Overview: Danny Bigtree's family has moved to a ... Read More |
| Target Audience Note: | Interest age level : Ages 7-9. |
Search for related items by subject
| Genre: | Fiction. |
| LDR | 02856cam a2200661Ia 4500 | ||
|---|---|---|---|
| 001 | 295194 | ||
| 003 | LARL_NWRL_CONSORTIUM | ||
| 005 | 20180814212247.0 | ||
| 008 | 990324t19991997nyua j 000 1 eng d | ||
| 010 | . | ‡a 95528861 | |
| 040 | . | ‡aBKL ‡beng ‡cBKL ‡dOCL ‡dBAKER ‡dVP@ ‡dBTCTA ‡dYDXCP ‡dCNVPL ‡dOCLCQ ‡dZGH ‡dTEF ‡dSBM ‡dEDK ‡dOCLCA ‡dOCLCF ‡dOCLCQ ‡dOCLCO ‡dOKN ‡dCHILD ‡dVZT ‡dBRL | |
| 020 | . | ‡a0141301694 ‡q(pbk.) | |
| 020 | . | ‡a9780141301693 ‡q(pbk.) | |
| 020 | . | ‡a0613177908 | |
| 020 | . | ‡a9780613177900 | |
| 035 | . | ‡a(OCoLC)41028965 | |
| 082 | 0 | 4. | ‡a813/.54 ‡222 |
| 096 | . | ‡aBru | |
| 100 | 1 | . | ‡aBruchac, Joseph, ‡d1942- ‡0(LARL_NWRL_CONSORTIUM)56415 |
| 245 | 1 | 0. | ‡aEagle song / ‡cJoseph Bruchac ; illustrated by Dan Andreasen. |
| 260 | . | ‡aNew York, NY : ‡bPuffin Books, ‡c1999, ©1997. | |
| 300 | . | ‡a80 pages : ‡billustrations ; ‡c20 cm | |
| 336 | . | ‡atext ‡btxt ‡2rdacontent | |
| 337 | . | ‡aunmediated ‡bn ‡2rdamedia | |
| 338 | . | ‡avolume ‡bnc ‡2rdacarrier | |
| 500 | . | ‡aMN American Indian literature. | |
| 500 | . | ‡a"Puffin chapters"--Cover. | |
| 520 | . | ‡aOverview: Danny Bigtree's family has moved to a new city, and Danny can't seem to fit in. He's homesick for the Mohawk reservation, and the kids in his class tease him about being an Indian? the thing that makes Danny most proud. Can he find the courage to stand up for himself? "This appealing portrayal of a strong family offers an unromanticized view of Native American culture-and gives a subtle lesson in the meaning of daily courage."? | |
| 521 | 1 | . | ‡aInterest age level : Ages 7-9. |
| 650 | 0. | ‡aMohawk Indians ‡vFiction. ‡0(LARL_NWRL_CONSORTIUM)173438 | |
| 650 | 0. | ‡aIndians of North America ‡vFiction. ‡0(LARL_NWRL_CONSORTIUM)22925 | |
| 650 | 0. | ‡aMoving, Household ‡vFiction. ‡0(LARL_NWRL_CONSORTIUM)166117 | |
| 650 | 0. | ‡aPrejudices ‡vFiction. ‡0(LARL_NWRL_CONSORTIUM)166648 | |
| 650 | 0. | ‡aSchools ‡vFiction. ‡0(LARL_NWRL_CONSORTIUM)167222 | |
| 650 | 7. | ‡aIndians of North America. ‡2fast ‡0(LARL_NWRL_CONSORTIUM)22887 | |
| 650 | 7. | ‡aMohawk Indians. ‡2fast ‡0(LARL_NWRL_CONSORTIUM)25967 | |
| 650 | 7. | ‡aMoving, Household. ‡2fast ‡0(LARL_NWRL_CONSORTIUM)26201 | |
| 650 | 7. | ‡aPrejudices. ‡2fast ‡0(LARL_NWRL_CONSORTIUM)28735 | |
| 650 | 7. | ‡aSchools. ‡2fast ‡0(LARL_NWRL_CONSORTIUM)30355 | |
| 650 | 1. | ‡aMohawk Indians ‡vFiction. ‡0(LARL_NWRL_CONSORTIUM)173438 | |
| 650 | 1. | ‡aIndians of North America ‡vFiction. ‡0(LARL_NWRL_CONSORTIUM)22925 | |
| 650 | 1. | ‡aMoving, Household ‡vFiction. ‡0(LARL_NWRL_CONSORTIUM)166117 | |
| 650 | 1. | ‡aPrejudices ‡vFiction. ‡0(LARL_NWRL_CONSORTIUM)166648 | |
| 650 | 1. | ‡aSchools ‡vFiction. ‡0(LARL_NWRL_CONSORTIUM)167222 | |
| 650 | 7. | ‡aSchool stories. ‡2sears ‡0(LARL_NWRL_CONSORTIUM)178120 | |
| 650 | 7. | ‡vFiction. ‡aNative Americans ‡zNew York (N.Y.) ‡2sears | |
| 650 | 7. | ‡vFiction. ‡aMohawk Indians. ‡2sears ‡0(LARL_NWRL_CONSORTIUM)173438 | |
| 650 | 7. | ‡vFiction. ‡aPrejudices. ‡2sears ‡0(LARL_NWRL_CONSORTIUM)166648 | |
| 650 | 7. | ‡vFiction. ‡aMoving. ‡2sears | |
| 655 | 7. | ‡aFiction. ‡2fast | |
| 700 | 1 | . | ‡aAndreasen, Dan, ‡eillustrator. ‡0(LARL_NWRL_CONSORTIUM)103556 |
| 901 | . | ‡a295194 ‡b ‡c295194 ‡tbiblio | |

Add to basket
Permalink
Disable Highlighting